[Event "Chigorin Memorial 24th"]
[Site "St Petersburg"]
[Date "2016.10.21"]
[Round "7"]
[White "Maltsevskaya, Anna"]
[Black "Atovmian, Artem"]
[Result "0-1"]
[WhiteElo "1243"]
[BlackElo "1823"]
[PlyCount "70"]
[EventDate "2016.10.15"]
[EventType "swiss"]
[EventRounds "9"]
[EventCountry "RUS"]
[SourceTitle "CBM 175 Extra"]
[Source "ChessBase"]
[SourceDate "2016.12.12"]
[SourceVersion "1"]
[SourceVersionDate "2016.12.12"]
[SourceQuality "1"]

1. e4 c6 2. d4 d5 3. e5 Bf5 4. Nc3 e6 5. Nf3 Nd7 6. Bf4 Ne7 7. Bd3 Bxd3 8. Qxd3 a6 9. a4 c5 10. b3 Nc6 11. Na2 cxd4 12. 0-0 Bc5 13. c3 dxc3 14. Nxc3 h6 15. Rfe1 0-0 16. h3 Qb6 17. Qc2 Rac8 18. Re2 Nd4 19. Nxd4 Bxd4 20. Bd2 Bxc3 21. Re3 Bxa1 22. Qb1 Bxe5 23. Qe1 Qd4 24. Rf3 Qa1 25. Re3 Qxe1+ 26. Rxe1 Bc3 27. Bxc3 Rxc3 28. Rb1 Rfc8 29. Kh2 Rc1 30. Rb2 R8c2 31. Rxc2 Rxc2 32. f3 Rb2 33. Kg3 Rxb3 34. Kg4 Rb4+ 35. Kg3 Rxa4 0-1

[Event "Chigorin Memorial 24th"]
[Site "St Petersburg"]
[Date "2016.10.16"]
[Round "2"]
[White "Maltsevskaya, Anna"]
[Black "Grishaev, Igor"]
[Result "0-1"]
[WhiteElo "1243"]
[BlackElo "1956"]
[PlyCount "90"]
[EventDate "2016.10.15"]
[EventType "swiss"]
[EventRounds "9"]
[EventCountry "RUS"]
[SourceTitle "CBM 175 Extra"]
[Source "ChessBase"]
[SourceDate "2016.12.12"]
[SourceVersion "1"]
[SourceVersionDate "2016.12.12"]
[SourceQuality "1"]

1. e4 c5 2. c3 Nf6 3. Nf3 Nxe4 4. d4 e6 5. Bd3 d5 6. Nbd2 Nxd2 7. Bxd2 c4 8. Bc2 Be7 9. Qe2 Nc6 10. Ne5 Nxe5 11. Qxe5 Bf6 12. Qh5 Bd7 13. g4 Qb6 14. Rb1 0-0-0 15. 0-0 h6 16. b4 Qd6 17. a4 g6 18. Qh3 h5 19. g5 e5 20. Qf3 Be7 21. dxe5 Qe6 22. Bf4 Qg4+ 23. Qxg4 hxg4 24. Be3 Rh3 25. Kg2 Rdh8 26. Rh1 d4 27. Bf4 Bc6+ 28. Kg1 Rxc3 29. Bd1 Bxh1 30. Bxg4+ Kd8 31. Kxh1 Rh4 32. h3 Rxg4 33. hxg4 Rf3 34. Bg3 Bxg5 35. Rd1 Rd3 36. Re1 Rxg3 37. fxg3 d3 38. Kg2 d2 39. Rd1 c3 40. e6 fxe6 41. Kf2 c2 42. Ke2 c1Q 43. Rxd2+ Qxd2+ 44. Kf1 Be3 45. g5 Qf2# 0-1

[Event "Voronezh op-B 20th"]
[Site "Voronezh"]
[Date "2016.06.14"]
[Round "3"]
[White "Maltsevskaya, Anna"]
[Black "Krekoten, Vladimir"]
[Result "0-1"]
[WhiteElo "1314"]
[BlackElo "1747"]
[PlyCount "128"]
[EventDate "2016.06.12"]
[EventType "swiss"]
[EventRounds "9"]
[EventCountry "RUS"]
[SourceTitle "EXT 2017"]
[Source "ChessBase"]
[SourceDate "2016.10.25"]
[SourceVersion "1"]
[SourceVersionDate "2016.10.25"]
[SourceQuality "1"]

1. e4 c5 2. Nf3 a6 3. d4 cxd4 4. Nxd4 d6 5. Nc3 b5 6. Be3 Bb7 7. a4 b4 8. Nd5 e5 9. Nb5 axb5 10. Bb6 Qd7 11. Bxb5 Nc6 12. Nc7+ Ke7 13. Nxa8 Bxa8 14. Qd5 Nf6 15. Qd3 Qg4 16. f3 Qe6 17. a5 g6 18. Rd1 Nd7 19. Bc7 Nd4 20. c3 Nc5 21. Qc4 Qxc4 22. Bxc4 bxc3 23. bxc3 Nde6 24. Bxd6+ Kf6 25. Bxe6 Kxe6 26. Bc7 Be7 27. Rb1 Rc8 28. Rb6+ Kd7 29. Bb8 Nd3+ 30. Kd2 Bc5 31. Rb3 Nf4 32. Rd1 Ke6 33. g3 Nh5 34. f4 exf4 35. gxf4 Bxe4 36. a6 Rc6 37. Re1 f5 38. Rb5 Rc8 39. a7 Rd8+ 40. Ke2 Bxa7 41. Bxa7 Nxf4+ 42. Kf1 Nh3 43. Rb6+ Kf7 44. Re3 Nf4 45. Rb2 Rd1+ 46. Kf2 Nd3+ 47. Rxd3 Rxd3 48. Bd4 g5 49. Ra2 Kg6 50. Ra6+ Kh5 51. Bg7 Kg4 52. c4 f4 53. c5 Rd2+ 54. Ke1 Rc2 55. Bd4 h5 56. Ra3 Rxh2 57. Bf2 Rh3 58. Ra6 Rc3 59. Bd4 Rc2 60. Ra3 h4 61. Rb3 h3 62. Bg1 h2 63. Bxh2 Rxh2 64. Rc3 Bc6 0-1

[Event "Voronezh op-B 20th"]
[Site "Voronezh"]
[Date "2016.06.13"]
[Round "2"]
[White "Agibalov, Roman"]
[Black "Maltsevskaya, Anna"]
[Result "1-0"]
[WhiteElo "1745"]
[BlackElo "1314"]
[PlyCount "61"]
[EventDate "2016.06.12"]
[EventType "swiss"]
[EventRounds "9"]
[EventCountry "RUS"]
[SourceTitle "EXT 2017"]
[Source "ChessBase"]
[SourceDate "2016.10.25"]
[SourceVersion "1"]
[SourceVersionDate "2016.10.25"]
[SourceQuality "1"]

1. d4 d5 2. Nf3 e6 3. c4 Nf6 4. Nc3 b6 5. Bg5 Be7 6. e3 Bb7 7. Be2 0-0 8. 0-0 Nbd7 9. Rc1 a6 10. cxd5 Nxd5 11. Bxe7 Qxe7 12. Nxd5 Bxd5 13. Rxc7 Bxa2 14. Qa4 Nc5 15. Qc6 Qd8 16. dxc5 Bd5 17. Qd6 Qxd6 18. cxd6 Rfd8 19. d7 Kf8 20. Rfc1 Ke7 21. Ne5 f6 22. Nc6+ Bxc6 23. R1xc6 Rxd7 24. Rxd7+ Kxd7 25. Rxb6 a5 26. Rb7+ Kd6 27. Rxg7 Rc8 28. g4 Rc2 29. Bf3 Rxb2 30. Rxh7 a4 31. Ra7 1-0

[Event "YFO-ch (Women)"]
[Site "Nebug"]
[Date "2016.03.08"]
[Round "4"]
[White "Yakimenko, Viktoria"]
[Black "Maltsevskaya, Anna"]
[Result "1-0"]
[WhiteElo "2017"]
[BlackElo "1291"]
[PlyCount "73"]
[EventDate "2016.03.05"]
[EventType "swiss"]
[EventRounds "9"]
[EventCountry "RUS"]
[SourceTitle "CBM 171 Extra"]
[Source "ChessBase"]
[SourceDate "2016.04.26"]
[SourceVersion "1"]
[SourceVersionDate "2016.04.26"]
[SourceQuality "1"]

1. e4 e5 2. Nf3 Nc6 3. Bb5 a6 4. Ba4 Nf6 5. d3 d6 6. c3 Be7 7. 0-0 0-0 8. h3 b5 9. Bc2 d5 10. Qe2 h6 11. Rd1 Bd6 12. Nbd2 Re8 13. Nf1 Na7 14. Ne3 Bb7 15. Nf5 Nc8 16. Re1 Ne7 17. Nxd6 Qxd6 18. d4 Nxe4 19. Nxe5 f6 20. Nd3 Nf5 21. Bf4 Qd7 22. Qg4 Bc8 23. Nc5 Nxc5 24. Bxf5 Ne6 25. Bxh6 g5 26. h4 Qe7 27. Qh5 Qd7 28. Bg6 Qe7 29. Bxe8 Qh7 30. Bc6 Bb7 31. Bxb7 Rb8 32. Rxe6 Qd7 33. Bxd5 c6 34. Rxf6+ cxd5 35. Rg6+ Kf7 36. Rg7+ Ke6 37. Qg6# 1-0

[Event "South FR-ch (Women)"]
[Site "Armavir"]
[Date "2015.03.??"]
[Round "1"]
[White "Maltsevskaya, Aleksandra"]
[Black "Maltsevskaya, Anna"]
[Result "1-0"]
[WhiteElo "2042"]
[BlackElo "1385"]
[PlyCount "49"]
[EventDate "2015.03.10"]
[EventType "swiss"]
[EventRounds "9"]
[EventCountry "RUS"]
[SourceTitle "EXT 2018"]
[Source "ChessBase"]
[SourceDate "2017.10.13"]
[SourceVersion "1"]
[SourceVersionDate "2017.10.13"]
[SourceQuality "1"]

1. e4 e5 2. Nf3 Nc6 3. Bb5 a6 4. Ba4 Be7 5. 0-0 b5 6. Bb3 Nf6 7. Re1 0-0 8. h3 h6 9. c3 d6 10. d4 Re8 11. Nbd2 Bf8 12. Nf1 exd4 13. cxd4 Nxe4 14. Bd5 Bd7 15. Bxe4 d5 16. Bxd5 Rxe1 17. Qxe1 Be6 18. Bxe6 fxe6 19. Qxe6+ Kh8 20. Qxc6 Be7 21. Ne5 Qc8 22. Bxh6 gxh6 23. Qxh6+ Kg8 24. Qg6+ Kf8 25. Qf7# 1-0

[Event "South FR-ch (Women)"]
[Site "Armavir"]
[Date "2015.03.??"]
[Round "5"]
[White "Maltsevskaya, Anna"]
[Black "Sharapova, Liliya"]
[Result "0-1"]
[WhiteElo "1385"]
[BlackElo "1473"]
[PlyCount "59"]
[EventDate "2015.03.10"]
[EventType "swiss"]
[EventRounds "9"]
[EventCountry "RUS"]
[SourceTitle "EXT 2018"]
[Source "ChessBase"]
[SourceDate "2017.10.13"]
[SourceVersion "1"]
[SourceVersionDate "2017.10.13"]
[SourceQuality "1"]

1. e4 e5 2. Nf3 Nc6 3. Bc4 Nf6 4. Ng5 d5 5. exd5 Na5 6. Bb5+ c6 7. dxc6 bxc6 8. Be2 h6 9. Nf3 e4 10. Ng1 Bd6 11. d3 exd3 12. Bxd3 0-0 13. Nf3 Qc7 14. h3 Re8+ 15. Be2 Ba6 16. Nc3 Rad8 17. 0-0 Bh2+ 18. Nxh2 Rxd1 19. Rxd1 Bxe2 20. Re1 Ba6 21. Rxe8+ Nxe8 22. Bd2 Nc4 23. Bc1 Nf6 24. b3 Nb6 25. Nf3 Nbd5 26. Nxd5 cxd5 27. g3 Qxc2 28. Ne1 Qc3 29. Be3 Qxa1 30. Kh2 0-1

[Event "South FR-ch (Women)"]
[Site "Armavir"]
[Date "2015.03.??"]
[Round "7"]
[White "Selina, Ekaterina"]
[Black "Maltsevskaya, Anna"]
[Result "1-0"]
[WhiteElo "1580"]
[BlackElo "1385"]
[PlyCount "57"]
[EventDate "2015.03.10"]
[EventType "swiss"]
[EventRounds "9"]
[EventCountry "RUS"]
[SourceTitle "EXT 2018"]
[Source "ChessBase"]
[SourceDate "2017.10.13"]
[SourceVersion "1"]
[SourceVersionDate "2017.10.13"]
[SourceQuality "1"]

1. e4 c5 2. Nf3 Nc6 3. d4 cxd4 4. Nxd4 g6 5. Nc3 Bg7 6. Be3 Nf6 7. Be2 0-0 8. 0-0 d6 9. h3 a6 10. a4 Bd7 11. Nb3 Qc8 12. Kh2 Re8 13. f4 Rd8 14. Bb6 Re8 15. g4 Rf8 16. f5 Ne5 17. Bd4 Nc6 18. g5 Ne8 19. Bxg7 Nxg7 20. f6 exf6 21. gxf6 Ne6 22. Qxd6 Ng5 23. h4 Nh3 24. Nc5 Rd8 25. Nxd7 Rxd7 26. Qg3 Nd4 27. Bg4 Nf3+ 28. Qxf3 Rd2+ 29. Kxh3 1-0